000 00365 a2200121 4500
020 _a0727727753
082 _a624.22 DAS
100 _aDas,Parag.C.
245 _aManagement of highway structures /
_cedited by Parag C. Das.
260 _aLondon :
_bThomas Telford,
_c1999.
300 _avi, 265 p. :
_bill. ;
_c24 cm.
650 _aBridges
_xMaintenance and repair
650 _aBridges
_xReliability
999 _c940
_d940